| 000 | 00818pam a2200253 a 4500 | ||
|---|---|---|---|
| 001 | 2523894 | ||
| 005 | 20180214045220.0 | ||
| 008 | 930608s1994 nyua j b 001 0 eng | ||
| 010 | _a 93025791 | ||
| 020 | _a0195080467 (acidfree paper) | ||
| 040 |
_aDLC _cDLC _dDLC |
||
| 041 | _aeng | ||
| 042 | _alcac | ||
| 043 | _an-us--- | ||
| 080 | _a305.420973 har | ||
| 082 | 0 | 0 |
_a305.420973 har _220 |
| 100 | 1 | _a16 | |
| 101 | _ahis | ||
| 245 | 1 | 0 |
_aLaborers for liberty : _cHarriet Sigerman. |
| 504 | _aIncludes bibliographical references (p. 138-139) and index. | ||
| 906 |
_a7 _bcbc _corignew _d1 _eocip _f19 _gy-gencatlg |
||
| 942 |
_2ddc _cBK |
||
| 999 |
_c42480 _d42480 |
||